000
00277nam a2200109Ia 4500
001
1263926
005
20260417141928.0
008
260417s9999 xx 000 0 und d
020
_a
9786256999244
245
0
_a
Bozkırdaki Çekirdek
_c
Kemal Tahir
260
_b
Ketebe Yayınları
999
_c
1263926
_d
1263926